Temas transversales y educación en valores

Saved in:
Bibliographic Details
Main Author: González Lucini, Fernando (Author)
Format: Book
Language:Spanish
Published: Madrid Grupo Anaya 1999
Edition:6a. ed
Series:Hacer Reforma
Subjects:
Tags: Add Tag
No Tags, Be the first to tag this record!

MARC

LEADER 00000nam a2200000 a 4500
001 UCK0243
003 CL-VaPUC
008 040924e19990000SP |||||||||||||||||spa|d
020 |a 8420761478 
082 0 4 |a 370.114  |b GON  |2 21 
100 |a González Lucini, Fernando  |e author  |9 544411 
245 1 0 |a Temas transversales y educación en valores 
250 |a 6a. ed 
300 |a 150 p 
942 |c BK 
945 |d 20040924 00:00:00  |a cmena 
260 |a Madrid  |b Grupo Anaya  |c 1999 
650 0 |a Educación moral  |9 308319 
650 0 |a Valores morales   |9 310604 
650 0 |a Filosofía de la educación   |9 258384 
650 0 |a Planificación de la educación   |9 307333 
583 |a last modification  |c 20040924 00:00:00  |k Rodrigo Vera 
490 0 |a Hacer Reforma 
999 |c 310731  |d 310729 
952 |0 0  |1 0  |4 0  |6 370_114000000000000_GON_1999  |7 0  |8 A  |9 379657  |a BIBEDU  |b BIBEDU  |d 2019-11-21  |i 4065379  |o 370.114 GON 1999  |p 4065379  |r 2019-11-21  |w 2019-11-21  |y BK  |k PAR